<?xml version="1.0" encoding="UTF-8"?>
<record
    xmlns:xsi="http://www.w3.org/2001/XMLSchema-instance"
    xsi:schemaLocation="http://www.loc.gov/MARC21/slim http://www.loc.gov/standards/marcxml/schema/MARC21slim.xsd"
    xmlns="http://www.loc.gov/MARC21/slim">

  <leader>01586na  a2200385   4500</leader>
  <controlfield tag="001">23322</controlfield>
  <controlfield tag="003">MIRAKIL</controlfield>
  <controlfield tag="005">20181213155044.0</controlfield>
  <controlfield tag="008">170911b        tu            000 0      </controlfield>
  <datafield tag="020" ind1=" " ind2=" ">
    <subfield code="a">9789751624918</subfield>
  </datafield>
  <datafield tag="040" ind1=" " ind2=" ">
    <subfield code="a">Milas</subfield>
    <subfield code="b">tur</subfield>
    <subfield code="c">TR-AnCHP</subfield>
  </datafield>
  <datafield tag="041" ind1=" " ind2=" ">
    <subfield code="a">tur</subfield>
  </datafield>
  <datafield tag="082" ind1=" " ind2=" ">
    <subfield code="a">327.561</subfield>
    <subfield code="b">S68 2012</subfield>
  </datafield>
  <datafield tag="090" ind1=" " ind2=" ">
    <subfield code="a">327.561 S68 2012</subfield>
  </datafield>
  <datafield tag="245" ind1=" " ind2=" ">
    <subfield code="a">Sovyetler Birli&#x11F;i'nin da&#x11F;&#x131;lmas&#x131;ndan yirmi y&#x131;l sonra Rusya federasyonu</subfield>
    <subfield code="b">Avrasya'da yeniden &#xE7;izilen s&#x131;n&#x131;rlar, in&#x15F;a edilen kimlikler projesi III. kitap</subfield>
    <subfield code="b">T&#xFC;rk Dilli halklar</subfield>
    <subfield code="b">T&#xFC;rkiye ile ili&#x15F;kiler</subfield>
    <subfield code="c">edit&#xF6;rler Erhan B&#xFC;y&#xFC;kak&#x131;nc&#x131;, Ey&#xFC;p Bacanl&#x131;; proje y&#xFC;r&#xFC;t&#xFC;c&#xFC;s&#xFC;: Suer Eker</subfield>
  </datafield>
  <datafield tag="246" ind1=" " ind2=" ">
    <subfield code="a">T&#xFC;rkiye ile ili&#x15F;kiler</subfield>
  </datafield>
  <datafield tag="246" ind1=" " ind2=" ">
    <subfield code="a">T&#xFC;rk Dilli halklar</subfield>
  </datafield>
  <datafield tag="246" ind1=" " ind2=" ">
    <subfield code="a">Avrasya'da yeniden &#xE7;izilen s&#x131;n&#x131;rlar, in&#x15F;a edilen kimlikler projesi III. kitap</subfield>
  </datafield>
  <datafield tag="260" ind1=" " ind2=" ">
    <subfield code="a">Ankara</subfield>
    <subfield code="b">Atat&#xFC;rk K&#xFC;lt&#xFC;r Merkezi</subfield>
    <subfield code="c">2012</subfield>
  </datafield>
  <datafield tag="300" ind1=" " ind2=" ">
    <subfield code="a">xxi, 872 s.</subfield>
    <subfield code="b">fot&#x11F;.; hrt.; tbl.</subfield>
    <subfield code="c">24 sm.</subfield>
  </datafield>
  <datafield tag="440" ind1=" " ind2=" ">
    <subfield code="a">Atat&#xFC;rk K&#xFC;lt&#xFC;r Merkezi Yay&#x131;n&#x131;</subfield>
    <subfield code="v">411</subfield>
  </datafield>
  <datafield tag="490" ind1=" " ind2=" ">
    <subfield code="a">Ara&#x15F;t&#x131;rma ve &#x130;nceleme</subfield>
    <subfield code="v">87</subfield>
  </datafield>
  <datafield tag="504" ind1=" " ind2=" ">
    <subfield code="a">Kaynak&#xE7;a ve dizin var.</subfield>
  </datafield>
  <datafield tag="650" ind1=" " ind2=" ">
    <subfield code="a">Rusya Federasyonu</subfield>
    <subfield code="x">Y&#xF6;netim ve Politikalar</subfield>
    <subfield code="y">Tarih</subfield>
  </datafield>
  <datafield tag="650" ind1=" " ind2=" ">
    <subfield code="a">T&#xFC;rkiye</subfield>
    <subfield code="x">D&#x131;&#x15F; ili&#x15F;kiler</subfield>
    <subfield code="z">Rusya Federasyonu</subfield>
  </datafield>
  <datafield tag="650" ind1=" " ind2=" ">
    <subfield code="a">Rusya Federasyonu</subfield>
    <subfield code="x">D&#x131;&#x15F; ili&#x15F;kiler</subfield>
    <subfield code="z">T&#xFC;rkiye</subfield>
  </datafield>
  <datafield tag="650" ind1=" " ind2=" ">
    <subfield code="a">Rusya Federasyonu</subfield>
    <subfield code="x">Tarih</subfield>
  </datafield>
  <datafield tag="700" ind1=" " ind2=" ">
    <subfield code="a">Eker, Suer</subfield>
  </datafield>
  <datafield tag="700" ind1=" " ind2=" ">
    <subfield code="a">Bacanl&#x131;, Ey&#xFC;p</subfield>
  </datafield>
  <datafield tag="700" ind1=" " ind2=" ">
    <subfield code="a">B&#xFC;y&#xFC;kak&#x131;nc&#x131;, Erhan</subfield>
  </datafield>
  <datafield tag="740" ind1=" " ind2=" ">
    <subfield code="a">T&#xFC;rkiye ile ili&#x15F;kiler</subfield>
  </datafield>
  <datafield tag="740" ind1=" " ind2=" ">
    <subfield code="a">T&#xFC;rk Dilli halklar</subfield>
  </datafield>
  <datafield tag="740" ind1=" " ind2=" ">
    <subfield code="a">Avrasya'da yeniden &#xE7;izilen s&#x131;n&#x131;rlar, in&#x15F;a edilen kimlikler projesi III. kitap</subfield>
  </datafield>
  <datafield tag="942" ind1=" " ind2=" ">
    <subfield code="2">dcc</subfield>
    <subfield code="c">BKS</subfield>
  </datafield>
  <datafield tag="952" ind1=" " ind2=" ">
    <subfield code="a">0001</subfield>
    <subfield code="b">0001</subfield>
    <subfield code="d">2017-09-11</subfield>
    <subfield code="e">2</subfield>
    <subfield code="l">0</subfield>
    <subfield code="o">327.561 S68 2012</subfield>
    <subfield code="p">017307</subfield>
    <subfield code="r">2017-09-11 00:00:00</subfield>
    <subfield code="v">0.00</subfield>
    <subfield code="w">2017-09-11</subfield>
    <subfield code="y">BKS</subfield>
  </datafield>
  <datafield tag="999" ind1=" " ind2=" ">
    <subfield code="c">5704</subfield>
    <subfield code="d">5704</subfield>
  </datafield>
</record>
